000 00656nam a2200205Ia 4500
005 20250508163917.0
008 008 250505s9999 xx 000 0 eng d
020 _a81-7629-376-8
037 _aTextual
040 _aFEDL
_beng
_cFEDL
041 _aeng
_2eng
084 _a363.7, KUM
_qFEDL
100 _aS. B. Kumar
_9776750
245 0 _aEnvironmental problems and gandhian solutions : The only ray of hope to the present ailing World
260 _aNew Delhi, India
_bDeep and Deep Publications
_c2002
300 _axiv,146p
650 _aEnvironmental Education
_9766882
942 _cTEXL
_h363.7, KUM
999 _c1385922
_d1385922